Elektronické měřicí přístroje a měření

Podrobná bibliografia
Hlavný autor: Haderka, Stanislav (Autor)
Médium: Kniha
Jazyk:neznámy jazyk
Fyzický popis:325 s.
Vydavateľské údaje: Praha Státní nakladatelství technické literatury 1960

MARC

LEADER 00000nam a2200000 a 4500
001 vtls001264998
003 SK-MaSNL
005 20260301155005.0
008 240315s1960 xx 0 und
035 |a SNK000215923 
040 |a SNK  |b slo  |c SNK  |e AACR2 
100 1 |a Haderka, Stanislav  |4 aut  |9 450968 
245 1 |a Elektronické měřicí přístroje a měření 
260 |a Praha  |b Státní nakladatelství technické literatury  |c 1960 
300 |a 325 s. 
999 |c 798861  |d 800791 
952 |t P60, <04>, [BOOK], {604}  |a SNK  |b SNK  |y VYP  |7 0  |p 17A0016448  |o snkID 27407  |0 0  |1 0  |4 0  |d 1996-11-04  |l 0  |r 2005-01-01 00:00:00  |w 2026-02-24